Architectural history.

Bibliographic Details
Corporate Author: Society of Architectural Historians of Great Britain
Format: Serial
Language:English
Published: [London] : [Society of Architectural Historians of Great Britain]
Subjects:
Online Availability: Check for online availability

MARC

Tag First Indicator Second Indicator Subfields
LEADER 00000cas a2200000 4500
001 in00000072526
005 20151008053436.0
008 750727c19589999enkar 0 a0eng c
010 |a  80646769  
019 |a 5173842  |a 11751053 
022 |a 0066-622X  |l 0066-622X  |2 z 
029 1 |a NLGGC  |b 862257972 
029 1 |a NLGGC  |b 290831644 
029 1 |a NZ1  |b 4389009 
029 1 |a AU@  |b 000000922400 
029 1 |a AU@  |b 000023986086 
035 |a (OCoLC)ocm01481858 
035 |a (OCoLC)1481858  |z (OCoLC)5173842  |z (OCoLC)11751053 
040 |a MUL  |c MUL  |d COO  |d OCL  |d DLC  |d NST  |d AIP  |d DLC  |d AIP  |d OCL  |d NSD  |d NST  |d NSD  |d NST  |d GUA  |d OCLCQ  |d EYM  |d HUL  |d NLGGC  |d LVB  |d OCLCQ  |d UtOrBLW 
042 |a pcc  |a nsdp 
049 |a TXAM 
050 0 0 |a NA190  |b .A72 
082 0 4 |a 720/.9 
210 0 |a Archit. hist. 
222 0 |a Architectural history 
245 0 0 |a Architectural history. 
264 1 |a [London] :  |b [Society of Architectural Historians of Great Britain] 
300 |a volumes :  |b illustrations ;  |c 24 cm. 
336 |a text  |b txt  |2 rdacontent 
337 |a unmediated  |b n  |2 rdamedia 
338 |a volume  |b nc  |2 rdacarrier 
362 0 |a v. 1- 1958- 
555 |a Vols. 1 (1957)-25 (1982). 
650 0 |a Architecture  |x Historiography. 
650 0 |a Architecture  |x Research. 
650 1 7 |a Bouwkunst.  |2 gtt 
650 6 |a Architecture  |x Historiographie  |v Périodiques. 
650 6 |a Architecture  |x Recherche  |v Périodiques. 
710 2 |a Society of Architectural Historians of Great Britain. 
776 0 8 |i Online version:  |t Architectural history  |w (DLC) 2005237367  |w (OCoLC)62483180 
850 |a AU  |a AzTeS  |a CoU  |a DLC  |a IC  |a IEN  |a INS  |a IaAS  |a KMK  |a MnU  |a NN  |a OCU  |a OU  |a PPiC  |a TxCM  |a UPB  |a ViBlbV 
891 2 0 |9 853  |8 1  |a v.  |i (year)  |w a 
891 4 1 |9 863  |8 1.1  |a <44>  |i <2001> 
936 |a 1983 (surrogate) 
949 |a updated  |b h  |c 2011/9/6  |e vilik  |f 9:44:31 am 
994 |a C0  |b TXA 
999 |a MARS 
999 f f |s af5ba656-3013-30b0-8a4a-2d81b63a8ffc  |i 2099bc3a-a711-3efd-8b8d-3f343fdf0046  |t 0 
952 f f |p ric  |a Texas A&M University  |b Rellis Campus  |c Joint Library Facility  |d Remote Storage  |t 0  |e NA190 .A72  |h Library of Congress classification  |i unmediated -- volume  |k v.42  |l 1999  |m A14837946894 
952 f f |p ric  |a Texas A&M University  |b Rellis Campus  |c Joint Library Facility  |d Remote Storage  |t 0  |e NA190 .A72  |h Library of Congress classification  |i unmediated -- volume  |k v.46  |l 2003  |m A14830690206 
952 f f |p ric  |a Texas A&M University  |b Rellis Campus  |c Joint Library Facility  |d Remote Storage  |t 0  |e NA190 .A72  |h Library of Congress classification  |i unmediated -- volume  |k v.35  |l 1992  |m A14837944614 
952 f f |p normal  |a Texas A&M University  |b College Station  |c Sterling C. Evans Library  |d Evans: Library Stacks  |t 0  |e NA190 .A72  |h Library of Congress classification  |i unmediated -- volume  |k v.58  |l 2015  |m A14843155137 
952 f f |p ric  |a Texas A&M University  |b Rellis Campus  |c Joint Library Facility  |d Remote Storage  |t 0  |e NA190 .A72  |h Library of Congress classification  |i unmediated -- volume  |k v.25  |l 1982  |m A14837945018 
952 f f |p ric  |a Texas A&M University  |b Rellis Campus  |c Joint Library Facility  |d Remote Storage  |t 0  |e NA190 .A72  |h Library of Congress classification  |i unmediated -- volume  |k v.49  |l 2006  |m A14836998246 
952 f f |p ric  |a Texas A&M University  |b Rellis Campus  |c Joint Library Facility  |d Remote Storage  |t 0  |e NA190 .A72  |h Library of Congress classification  |i unmediated -- volume  |k v.47  |l 2004  |m A14831407216 
952 f f |p normal  |a Texas A&M University  |b College Station  |c Sterling C. Evans Library  |d Evans: Library Stacks  |t 0  |e NA190 .A72  |h Library of Congress classification  |i unmediated -- volume  |k v.54  |l 2011  |m A14841176095 
952 f f |p ric  |a Texas A&M University  |b Rellis Campus  |c Joint Library Facility  |d Remote Storage  |t 0  |e NA190 .A72  |h Library of Congress classification  |i unmediated -- volume  |k v.24  |l 1981  |m A14837945050 
952 f f |p normal  |a Texas A&M University  |b College Station  |c Sterling C. Evans Library  |d Evans: Library Stacks  |t 0  |e NA190 .A72  |h Library of Congress classification  |i unmediated -- volume  |k v.55  |l 2012  |m A14841558344 
952 f f |p ric  |a Texas A&M University  |b Rellis Campus  |c Joint Library Facility  |d Remote Storage  |t 0  |e NA190 .A72  |h Library of Congress classification  |i unmediated -- volume  |k v.48  |l 2005  |m A14831445222 
952 f f |p ric  |a Texas A&M University  |b Rellis Campus  |c Joint Library Facility  |d Remote Storage  |t 0  |e NA190 .A72  |h Library of Congress classification  |i unmediated -- volume  |k v.43  |l 2000  |m A14830689873 
952 f f |p ric  |a Texas A&M University  |b Rellis Campus  |c Joint Library Facility  |d Remote Storage  |t 0  |e NA190 .A72  |h Library of Congress classification  |i unmediated -- volume  |k v.28  |l 1985  |m A14837944892 
952 f f |p ric  |a Texas A&M University  |b Rellis Campus  |c Joint Library Facility  |d Remote Storage  |t 0  |e NA190 .A72  |h Library of Congress classification  |i unmediated -- volume  |k v.33  |l 1990  |m A14837944698 
952 f f |p ric  |a Texas A&M University  |b Rellis Campus  |c Joint Library Facility  |d Remote Storage  |t 0  |e NA190 .A72  |h Library of Congress classification  |i unmediated -- volume  |k v.27  |l 1984  |m A14837944931 
952 f f |p ric  |a Texas A&M University  |b Rellis Campus  |c Joint Library Facility  |d Remote Storage  |t 0  |e NA190 .A72  |h Library of Congress classification  |i unmediated -- volume  |k v.32  |l 1989  |m A14837944737 
952 f f |p ric  |a Texas A&M University  |b Rellis Campus  |c Joint Library Facility  |d Remote Storage  |t 0  |e NA190 .A72  |h Library of Congress classification  |i unmediated -- volume  |k v.39  |l 1996  |m A14837947010 
952 f f |p ric  |a Texas A&M University  |b Rellis Campus  |c Joint Library Facility  |d Remote Storage  |t 0  |e NA190 .A72  |h Library of Congress classification  |i unmediated -- volume  |k v.36  |l 1993  |m A14837944575 
952 f f |p ric  |a Texas A&M University  |b Rellis Campus  |c Joint Library Facility  |d Remote Storage  |t 0  |e NA190 .A72  |h Library of Congress classification  |i unmediated -- volume  |k v.45  |l 2002  |m A14830101744 
952 f f |p ric  |a Texas A&M University  |b Rellis Campus  |c Joint Library Facility  |d Remote Storage  |t 0  |e NA190 .A72  |h Library of Congress classification  |i unmediated -- volume  |k v.29  |l 1986  |m A14837944850 
952 f f |p normal  |a Texas A&M University  |b College Station  |c Sterling C. Evans Library  |d Evans: Library Stacks  |t 0  |e NA190 .A72  |h Library of Congress classification  |i unmediated -- volume  |k v.56  |l 2013  |m A14841835904 
952 f f |p ric  |a Texas A&M University  |b Rellis Campus  |c Joint Library Facility  |d Remote Storage  |t 0  |e NA190 .A72  |h Library of Congress classification  |i unmediated -- volume  |k v.38  |l 1995  |m A14837944494 
952 f f |p normal  |a Texas A&M University  |b College Station  |c Sterling C. Evans Library  |d Evans: Library Stacks  |t 0  |e NA190 .A72  |h Library of Congress classification  |i unmediated -- volume  |k v.52  |l 2009  |m A14835180832 
952 f f |p ric  |a Texas A&M University  |b Rellis Campus  |c Joint Library Facility  |d Remote Storage  |t 0  |e NA190 .A72  |h Library of Congress classification  |i unmediated -- volume  |k v.30  |l 1987  |m A14837944818 
952 f f |p ric  |a Texas A&M University  |b Rellis Campus  |c Joint Library Facility  |d Remote Storage  |t 0  |e NA190 .A72  |h Library of Congress classification  |i unmediated -- volume  |k v.26  |l 1983  |m A14837944973 
952 f f |p ric  |a Texas A&M University  |b Rellis Campus  |c Joint Library Facility  |d Remote Storage  |t 0  |e NA190 .A72  |h Library of Congress classification  |i unmediated -- volume  |k v.51  |l 2008  |m A14837474596 
952 f f |p ric  |a Texas A&M University  |b Rellis Campus  |c Joint Library Facility  |d Remote Storage  |t 0  |e NA190 .A72  |h Library of Congress classification  |i unmediated -- volume  |k v.44  |l 2001  |m A14830690167 
952 f f |p ric  |a Texas A&M University  |b Rellis Campus  |c Joint Library Facility  |d Remote Storage  |t 0  |e NA190 .A72  |h Library of Congress classification  |i unmediated -- volume  |k v.31  |l 1988  |m A14837944779 
952 f f |p ric  |a Texas A&M University  |b Rellis Campus  |c Joint Library Facility  |d Remote Storage  |t 0  |e NA190 .A72  |h Library of Congress classification  |i unmediated -- volume  |k v.37  |l 1994  |m A14837944533 
952 f f |p ric  |a Texas A&M University  |b Rellis Campus  |c Joint Library Facility  |d Remote Storage  |t 0  |e NA190 .A72  |h Library of Congress classification  |i unmediated -- volume  |k v.50  |l 2007  |m A14834024091 
952 f f |p ric  |a Texas A&M University  |b Rellis Campus  |c Joint Library Facility  |d Remote Storage  |t 0  |e NA190 .A72  |h Library of Congress classification  |i unmediated -- volume  |k v.40  |l 1997  |m A14837946975 
952 f f |p normal  |a Texas A&M University  |b College Station  |c Sterling C. Evans Library  |d Evans: Library Stacks  |t 0  |e NA190 .A72  |h Library of Congress classification  |i unmediated -- volume  |k v.57  |l 2014  |m A14842607252 
952 f f |p ric  |a Texas A&M University  |b Rellis Campus  |c Joint Library Facility  |d Remote Storage  |t 0  |e NA190 .A72  |h Library of Congress classification  |i unmediated -- volume  |k v.34  |l 1991  |m A14837944656 
952 f f |p ric  |a Texas A&M University  |b Rellis Campus  |c Joint Library Facility  |d Remote Storage  |t 0  |e NA190 .A72  |h Library of Congress classification  |i unmediated -- volume  |k v.23  |l 1980  |m A14837945092 
952 f f |p ric  |a Texas A&M University  |b Rellis Campus  |c Joint Library Facility  |d Remote Storage  |t 0  |e NA190 .A72  |h Library of Congress classification  |i unmediated -- volume  |k v.41  |l 1998  |m A14837946933 
998 f f |a NA190 .A72  |s v.54-58 (2011-2015)  |t 0  |l Evans: Library Stacks 
998 f f |a NA190 .A72  |s v.23-51 (1980-2008)  |t 0  |l Remote Storage